| 000 | 00428nam a22001457a 4500 | ||
|---|---|---|---|
| 020 | _qPB. | ||
| 040 | _cFIZZA ISHAQ | ||
| 082 |
_a954.91 _bKAZ |
||
| 100 |
_a Kazimi Reza, Muhammad. _9132175 |
||
| 245 |
_aA Concise History of Pakistan / _c Muhammad Reza Kazimi. |
||
| 250 | _a Concise Edition. | ||
| 260 |
_aKARACHI: _b Oxford University Press Pakistan, _c2009. |
||
| 300 |
_aIndex Inc 391 P. ; _c6.2 X 9.4 in |
||
| 942 |
_2ddc _cBK |
||
| 999 |
_c615449 _d615449 |
||